• 首页
  • 本馆介绍
  • 公告通知
  • 最新文献
  • 馆藏检索
  • 电子资源
  • 读者导购
  • 参考咨询
  • 我的图书馆
  • 登录
  • 详细信息显示
  • 放入我的书架
  • 预约/预借图书
  • 作者相关作品
  • 分类相关作品
  • 丛书相关作品
  • 出版社相关作品

书目信息

  • 表格格式
  • 工作单格式
  • 卡片格式
题名:
二十国集团(G20)国家创新竞争力发展报告
    
 
作者: 李建平 , 李闽榕 , 赵新力 主编
分册: 2013-2014  
出版信息: 北京   社会科学文献出版社  2014
页数: 532页
开本: 24cm
丛书名: 皮书系列
单 册:
中图分类: F204
科图分类:
主题词: 国家创新系统--研究报告--世界--2013-2014
电子资源:
ISBN: 978-7-5097-6689-7
000 02105oam2 2200301 450
001 0103359404
005 20150916132636.0
010    @a978-7-5097-6689-7@dCNY138.00
100    @a20141220d2014 em y0chiy0120 ea
101 0  @achi@deng@eeng
102    @aCN@b110000
105    @ay z 000yy
106    @ar
200 1  @a二十国集团(G20)国家创新竞争力发展报告@9Er Shi Guo Ji Tuan ( G 2 0 ) Guo Jia;Jie Chuang Xin Jing Zheng Li Fa Zhan Bao Gao @f李建平,李闽榕,赵新力主编@h2013-2014@b专著@dReport on the group of twenty (G20) national innovation competitiveness development@h2013-2014@zeng
210    @a北京@c社会科学文献出版社@d2014
215    @a532页@d24cm
225 2  @a皮书系列
300    @aG20国家创新竞争力黄皮书 2014版 全国经济综合竞争力研究中心2014年重点项目研究成果 中央财政支持地方高校发展专项项目“福建师范大学产业与区域经济综合竞争力研究创新团队”2013~2014年重大研究成果 中央组织部首批青年拔尖人才支持计划2013~2014年资助的阶段性研究成果 国家社科基金一般项目的阶段性研究成果 福建省特色重点学科和省重点学科福建师范大学理论经济学暨福建省高校服务海西建设重点项目2013~2014年重大研究课题的最终研究成果 福建省高等学校科技创新团队培育计划的阶段性研究成果 福建省社会科学研究基地——福建师范大学竞争力研究中心2014年重大项目研究成果 福建师范大学创新团队建设计划2013~2014年的阶段性成果
330    @a本书以G20为研究对象,探讨2011-2012年G20各国国家创新竞争力的发展水平、变化特征、内在动因及战略趋势。共分四部分,第一部分为总报告,从总体上分析2011-2012年G20国家创新竞争力的发展状况。第二部分为分报告,对2011-2012年G20中19个国家的创新竞争力进行综合评价和比较分析。第三部分为专题报告,选取G20创新实践中的热点问题。第四部分为附录,介绍国家创新竞争力指标评价体系。
461  0 @1001002402264
510 1  @aReport on the group of twenty (G20) national innovation competitiveness development@h2013-2014@zeng
606 0  @a国家创新系统@x研究报告@y世界@z2013-2014
690    @aF204@v5
701  0 @a李建平@f(1946~)@4主编@9li jian ping
701  0 @a李闽榕@f(1955~)@4主编@9li min rong
701  0 @a赵新力@f(1961~)@4主编@9zhao xin li
801  0 @aCN@bAZmarc@c20230907
905    @aBZT@dF204@e32@f1@sF204/32
    
    二十国集团(G20)国家创新竞争力发展报告/李建平,李闽榕,赵新力主编.2013-2014=Report on the group of twenty (G20) national innovation competitiveness development.2013-2014.-北京:社会科学文献出版社,2014
    532页;24cm.-(皮书系列)
    G20国家创新竞争力黄皮书 2014版 全国经济综合竞争力研究中心2014年重点项目研究成果 中央财政支持地方高校发展专项项目“福建师范大学产业与区域经济综合竞争力研究创新团队”2013~2014年重大研究成果 中央组织部首批青年拔尖人才支持计划2013~2014年资助的阶段性研究成果 国家社科基金一般项目的阶段性研究成果 福建省特色重点学科和省重点学科福建师范大学理论经济学暨福建省高校服务海西建设重点项目2013~2014年重大研究课题的最终研究成果 福建省高等学校科技创新团队培育计划的阶段性研究成果 福建省社会科学研究基地——福建师范大学竞争力研究中心2014年重大项目研究成果 福建师范大学创新团队建设计划2013~2014年的阶段性成果
    
    ISBN 978-7-5097-6689-7:CNY138.00
    本书以G20为研究对象,探讨2011-2012年G20各国国家创新竞争力的发展水平、变化特征、内在动因及战略趋势。共分四部分,第一部分为总报告,从总体上分析2011-2012年G20国家创新竞争力的发展状况。第二部分为分报告,对2011-2012年G20中19个国家的创新竞争力进行综合评价和比较分析。第三部分为专题报告,选取G20创新实践中的热点问题。第四部分为附录,介绍国家创新竞争力指标评价体系。
●
相关链接 在五车中查询图书 在当当中查询图书 在豆瓣中查询图书


正题名:二十国集团(G20)国家创新竞争力发展报告     索取号:F204/32         预约/预借

序号 登录号 条形码 馆藏地/架位号 状态 备注
1 2000026375   2000026375   旧书回溯/ [索取号:F204/32] 在馆    
山东省滨州职业学院图书馆 欢迎您!
大连网信软件有限公司© 版权所有